000 00332nam a2200145Ia 4500
003 OSt
005 20240330124426.0
008 170524s9999 xx 000 0 und d
020 _aNIL
040 _cIIMT UNIVERSITY
100 _aBanarjee Banip
245 0 _aFOUNDATION OF ETHICS IN MANAGEMENT
260 _aExcel
942 _2ddc
_c02
999 _c3195
_d3195